00314nam a2200145Ia 45000030006000000050017000060080041000230400009000640410012000730820017000851000014001022450035001162600009001513000008001600Nust20170105110305.0161124s9999 xx 000 0 und d cIGIS aEnglish a954.035bZAI aZ.H.Zaidi 4aThe Hindu Heritage of Pakistan c2000 a725